[Event "75th anniversary of Anatoly Karpov"]
[Site "Moscow, Central chess house, Gogolevskiy boulevard 14, "]
[Date "2026.05.22"]
[Round "5"]
[Board "1"]
[White "Dubov, Daniil"]
[Black "Yakubboev, Nodirbek"]
[Result "1-0"]
[WhiteElo "2687"]
[BlackElo "2568"]
[PlyCount "0"]
[EventDate "2026.05.21"]
[EventRounds "7"]
[EventCountry "RUS"]

1. d4 Nf6 2. c4 e6 3. Nf3 d5 4. g3 Be7 5. Bg2 O-O 6. O-O dxc4 7. Qc2 b5 8. a4 b4
9. Nbd2 Bb7 10. Nxc4 c5 11. dxc5 Be4 12. Qd2 Bxc5 13. Nfe5 Bxg2 14. Kxg2 Qc7 15.
Qf4 Nc6 16. Nd3 Qxf4 17. Bxf4 Be7 18. Nde5 Rfc8 19. Nxc6 Rxc6 20. Rfc1 Nd5 21. Ne5
Ra6 22. Bd2 f5 23. Nd3 b3 24. a5 Rb8 25. Ra4 h6 26. Rac4 Bf6 27. Rc8+ Rxc8 28. Rxc8+
Kh7 29. Ra8 Rc6 30. Rxa7 Rc2 31. Be1 e5 32. Rb7 e4 33. a6 exd3 34. a7 Rxe2 35. a8=Q
Ne3+ 36. Kf3 Rxe1 37. Qa5  1-0

[Event "75th anniversary of Anatoly Karpov"]
[Site "Moscow, Central chess house, Gogolevskiy boulevard 14, "]
[Date "2026.05.22"]
[Round "5"]
[Board "2"]
[White "Artemiev, Vladislav"]
[Black "Radjabov, Teimour"]
[Result "1/2-1/2"]
[WhiteElo "2740"]
[BlackElo "2646"]
[PlyCount "0"]
[EventDate "2026.05.21"]
[EventRounds "7"]
[EventCountry "RUS"]

1. c4 Nf6 2. Nc3 e5 3. Nf3 Nc6 4. d3 d5 5. cxd5 Nxd5 6. e3 Be7 7. Be2 O-O 8. O-O
Be6 9. Bd2 Qd7 10. Nxd5 Bxd5 11. Bc3 Bf6 12. b4 a6 13. Qc2 Rfe8 14. Rfd1 Rad8 15.
a4 Qe6 16. Nd2 Nd4 17. Bxd4 exd4 18. e4 Qd6 19. Nc4 Bxc4 20. Qxc4 Be7 21. b5 axb5
22. Qxb5 b6 23. a5 bxa5 24. Qxa5 c5 25. Rdc1 Rb8 26. Qa4 Rec8 27. g3 g6 28. Bd1 Qe6
29. Qc4 Qxc4 30. Rxc4 Rb2 31. Rc2 Rcb8 32. Kf1 Rxc2 33. Bxc2 Rb2 34. Rc1 Bg5 35.
f4 Bd8 36. Ba4 Bb6 37. h4 Kf8 38. Bc6 Rb3 39. Ke2 Rb2+ 40. Kf1 Rb3 41. Ke2 Rb2+ 42.
Kf1  1/2-1/2

[Event "75th anniversary of Anatoly Karpov"]
[Site "Moscow, Central chess house, Gogolevskiy boulevard 14, "]
[Date "2026.05.22"]
[Round "5"]
[Board "3"]
[White "Nepomniachtchi, Ian"]
[Black "Inarkiev, Ernesto"]
[Result "0-1"]
[WhiteElo "2726"]
[BlackElo "2614"]
[PlyCount "0"]
[EventDate "2026.05.21"]
[EventRounds "7"]
[EventCountry "RUS"]

1. e4 c5 2. Nf3 e6 3. d4 cxd4 4. Nxd4 a6 5. Bd3 Nf6 6. O-O e5 7. Ne2 Bc5 8. c4 d6
9. Nbc3 h6 10. h3 O-O 11. Ng3 Nc6 12. Qe1 Be6 13. Kh1 Nb4 14. Qe2 Rc8 15. Bd2 Bd4
16. Nd5 Nxd3 17. Qxd3 b5 18. cxb5 Nxd5 19. exd5 Bxd5 20. Nf5 Qf6 21. Rac1 axb5 22.
Nxd4 exd4 23. Qxb5 Rxc1 24. Bxc1 Qe6 25. Kg1 Bc4 26. Qa4 Bxf1 27. Kxf1 Re8 28. Bd2
Qe4 29. Kg1 Re6 30. Qc4 Qb1+ 31. Kh2 Qxb2 32. Qd3 Qxa2 33. Qxd4 Qc2 34. Bc3 Qg6 35.
Qd2 Qe4 36. Bd4 d5 37. f3 Qe2  0-1

[Event "75th anniversary of Anatoly Karpov"]
[Site "Moscow, Central chess house, Gogolevskiy boulevard 14, "]
[Date "2026.05.22"]
[Round "5"]
[Board "4"]
[White "Esipenko, Andrey"]
[Black "Grischuk, Alexander"]
[Result "1/2-1/2"]
[WhiteElo "2657"]
[BlackElo "2684"]
[PlyCount "0"]
[EventDate "2026.05.21"]
[EventRounds "7"]
[EventCountry "RUS"]

1. c4 g6 2. g3 c5 3. Bg2 Bg7 4. Nc3 Nc6 5. e3 e6 6. h4 h6 7. Nge2 Nge7 8. d4 cxd4
9. Nxd4 d5 10. cxd5 exd5 11. O-O Nxd4 12. exd4 Be6 13. Bf4 O-O 14. Qd2 Kh7 15. Be5
Nc6 16. Bxg7 Kxg7 17. Rad1 Rc8 18. Bf3 Rc7 19. Rfe1 Rd7 20. Re3 Qf6 21. Ne2 g5 22.
Bg2 Bg4 23. Re1 Rfd8 24. Rd3 Re7 25. Nc3 Rxe1+ 26. Qxe1 Bf5 27. Rd2 Be6 28. hxg5
hxg5 29. Qe3 Rd7 30. Nd1 Bg4 31. Qc3 Bxd1 32. Rxd1 Rd8 33. b4 a6 34. a4 Ne7 35. Re1
Nc6 36. Rd1 Ne7 37. b5 axb5 38. axb5 Nf5 39. Qc7 b6 40. Bh3 Rh8 41. Bxf5 Qxf5 42.
Qe5+ Qxe5 43. dxe5 Rd8 44. Kg2 d4 45. Kf3 Rd5 46. Ke4 Rxb5 47. Rxd4 f6 48. exf6+
Kxf6 49. Rd6+ Ke7 50. Rc6 Kf7 51. f3 Rb3 52. g4 Kg7 53. Kf5 Rxf3+ 54. Kxg5 Rf7  1/2-1/2

[Event "75th anniversary of Anatoly Karpov"]
[Site "Moscow, Central chess house, Gogolevskiy boulevard 14, "]
[Date "2026.05.23"]
[Round "6"]
[Board "1"]
[White "Yakubboev, Nodirbek"]
[Black "Grischuk, Alexander"]
[Result "0-1"]
[WhiteElo "2568"]
[BlackElo "2684"]
[PlyCount "0"]
[EventDate "2026.05.21"]
[EventRounds "7"]
[EventCountry "RUS"]

1. d4 Nf6 2. c4 g6 3. f3 d5 4. cxd5 Nxd5 5. e4 Nb6 6. Nc3 Bg7 7. Be3 O-O 8. Qd2 Nc6
9. O-O-O a5 10. h4 a4 11. h5 Na5 12. hxg6 fxg6 13. Bh6 Nac4 14. Bxc4+ Nxc4 15. Qe2
Bxh6+ 16. Rxh6 b5 17. Nxb5 e6 18. Nh3 Nxb2 19. Qxb2 Rb8 20. d5 Qe7 21. Rh1 Qc5+ 22.
Qc3 Rxb5 23. Qxc5 Rxc5+ 24. Kb2 a3+ 25. Ka1 Rc2 26. Ng5 Rxg2 27. Nxh7 Rxf3 28. Nf6+
Kf7 29. e5 exd5 30. Rh7+ Ke6 31. Rxc7 Rff2 32. Rc6+ Kxe5 33. Re1+ Re2 34. Rxe2+ Rxe2
35. Kb1 Bf5+ 36. Kc1 Rxa2  0-1

[Event "75th anniversary of Anatoly Karpov"]
[Site "Moscow, Central chess house, Gogolevskiy boulevard 14, "]
[Date "2026.05.23"]
[Round "6"]
[Board "2"]
[White "Inarkiev, Ernesto"]
[Black "Esipenko, Andrey"]
[Result "0-1"]
[WhiteElo "2614"]
[BlackElo "2657"]
[PlyCount "0"]
[EventDate "2026.05.21"]
[EventRounds "7"]
[EventCountry "RUS"]

1. e4 c5 2. Nf3 e6 3. d4 cxd4 4. Nxd4 a6 5. Nc3 b5 6. Bd3 Bb7 7. O-O Nc6 8. Nxc6
Bxc6 9. Re1 Ne7 10. Qe2 Ng6 11. a4 bxa4 12. Nxa4 Bd6 13. b3 O-O 14. Nb2 Be5 15. Ra2
Qb8 16. g3 Bc3 17. Rd1 a5 18. Na4 Bb4 19. f4 Ne7 20. c4 f5 21. e5 g5 22. fxg5 Ng6
23. Bf4 Qb7 24. Qe3 Rac8 25. Kf1 Bxa4 26. Rxa4 Bc5 27. Qd2 Qh1+ 28. Ke2 Qxh2+ 29.
Kf3 Qh3 30. Bf1 Qg4+ 31. Kg2 Nxf4+ 32. Qxf4 Qxd1 33. Rxa5 Qd4 34. Qf3 Qxe5 35. b4
Qb2+ 36. Kh3 Qf2 37. Qd1 Bd6 38. Ra3 Qg1 39. Qf3 Bxg3 40. Ra2 Be5 41. Bd3 Qg4+  0-1

[Event "75th anniversary of Anatoly Karpov"]
[Site "Moscow, Central chess house, Gogolevskiy boulevard 14, "]
[Date "2026.05.23"]
[Round "6"]
[Board "3"]
[White "Radjabov, Teimour"]
[Black "Nepomniachtchi, Ian"]
[Result "0-1"]
[WhiteElo "2646"]
[BlackElo "2726"]
[PlyCount "0"]
[EventDate "2026.05.21"]
[EventRounds "7"]
[EventCountry "RUS"]

1. Nf3 d5 2. d4 Bf5 3. c4 e6 4. Nc3 Nf6 5. Bg5 c6 6. e3 Nbd7 7. Bd3 Bxd3 8. Qxd3
Qb6 9. b3 Bb4 10. O-O O-O 11. c5 Qd8 12. Ne2 h6 13. Bh4 g5 14. Bg3 Ne4 15. a3 Ba5
16. b4 Bc7 17. b5 Bxg3 18. Nxg3 f5 19. Rab1 Qc7 20. Rfc1 Rf7 21. bxc6 bxc6 22. Qa6
g4 23. Nh4 Nd2 24. Rb2 Nc4 25. Rxc4 dxc4 26. Qxc4 Nf8 27. Nhxf5 exf5 28. Nxf5 Kh8
29. Nd6 Rg7 30. g3 Rb8 31. Nf7+ Kh7 32. Rxb8 Qxb8 33. Qd3+ Ng6 34. Ne5 Qe8 35. Nxg4
Qe6 36. Ne5 Rb7 37. h4 Kg7 38. Nc4 Qg4 39. Nd6 Rb2 40. d5 Ne5 41. Qc3 Qd1+ 42. Kh2
Rxf2+  0-1

[Event "75th anniversary of Anatoly Karpov"]
[Site "Moscow, Central chess house, Gogolevskiy boulevard 14, "]
[Date "2026.05.23"]
[Round "6"]
[Board "4"]
[White "Dubov, Daniil"]
[Black "Artemiev, Vladislav"]
[Result "1-0"]
[WhiteElo "2687"]
[BlackElo "2740"]
[PlyCount "0"]
[EventDate "2026.05.21"]
[EventRounds "7"]
[EventCountry "RUS"]

1. e4 e5 2. Nf3 Nc6 3. Bc4 Nf6 4. d3 Be7 5. O-O O-O 6. Re1 d6 7. c3 Na5 8. Bb5 a6
9. Ba4 b5 10. Bc2 c5 11. Nbd2 Nc6 12. Nf1 Re8 13. Ng3 Bf8 14. h3 h6 15. d4 cxd4 16.
cxd4 exd4 17. Nxd4 Nxd4 18. Qxd4 Be6 19. Bf4 Rc8 20. Bb3 d5 21. e5 Bc5 22. Qd3 Ne4
23. Nxe4 dxe4 24. Qxe4 Bxb3 25. axb3 Qd4 26. Qf3 Qxb2 27. Rxa6 Bd4 28. Re2 Qc3 29.
Qg4 Rc6 30. Bd2 Rxa6 31. Bxc3 Bxc3 32. Qd7 Ra1+ 33. Kh2 Bxe5+ 34. g3 Raa8 35. Qxb5
Rab8 36. Qc4 Rec8 37. Qd5 Bf6 38. Re3 Rd8 39. Qc6 Rdc8 40. Qa4 Ra8 41. Qe4 Ra2 42.
Rf3 Rb8 43. Qd5 Ra7 44. Re3 Rab7 45. Re8+ Rxe8 46. Qxb7 g6 47. b4 Re6 48. Qd5 Kg7
49. b5 h5 50. h4 Re5 51. Qb3 Re2 52. Kg1 Rb2 53. Qd5 Rb4 54. Qc5 Rb1+ 55. Kg2 Bd8
56. Qd6 Ba5 57. Qd3 Rb4 58. Qc3+ Kh7 59. b6 Rb5 60. Qc4 Rxb6 61. Qxf7+ Kh6 62. Qf4+
Kh7 63. Qf7+ Kh6 64. Qe8 Kh7 65. Qe7+ Kg8 66. Qc5  1-0